Normal view MARC view
  • Compensation management -- United States -- Handbooks, manuals, etc | Wages -- Law and legislation -- United States -- Handbooks, manuals, etc

Entry Topical Term

Number of records used in: 1

001 - CONTROL NUMBER

  • control field: 69256

003 - CONTROL NUMBER IDENTIFIER

  • control field: NUST

005 - DATE AND TIME OF LATEST TRANSACTION

  • control field: 20210628204215.0

008 - FIXED-LENGTH DATA ELEMENTS

  • fixed length control field: 210628|| aca||aabn | a|a d

040 ## - CATALOGING SOURCE

  • Original cataloging agency: NUST
  • Transcribing agency: NUST

150 ## - HEADING--TOPICAL TERM

  • Topical term or geographic name entry element: Compensation management -- United States -- Handbooks, manuals, etc | Wages -- Law and legislation -- United States -- Handbooks, manuals, etc

670 ## - SOURCE DATA FOUND

  • Source citation: Work cat.: (NUST): James F. Reda, Stewart Reifler, Laura G. Thatcher. 69255, Compensation committee handbook, 2005
© 2023 Central Library, National University of Sciences and Technology. All Rights Reserved.